| 000 | 01232cam a2200361 a 4500 | ||
|---|---|---|---|
| 001 | 12116494 | ||
| 003 | OSt | ||
| 005 | 20140310182705.0 | ||
| 008 | 000722s2001 nyua 001 0 eng | ||
| 010 | _a 00060154 | ||
| 020 | _a0766812596 (pbk.) | ||
| 040 |
_aDLC _cDLC _dDLC |
||
| 050 | 0 | 0 |
_aPE 1116 _b.V736 2001 |
| 082 | 0 | 0 |
_aM 808.04202461 _221 _bV71 2001 |
| 100 | 1 | _aVillemaire, Lorraine. | |
| 245 | 1 | 0 |
_aGrammar and writing skills for the health professional _cVillemaire, Lorraine |
| 260 |
_aAlbany, NY _bDelmar _cc2001 |
||
| 300 |
_aix, 342 p. _bill. _c28 cm. |
||
| 500 | _aIncludes index. | ||
| 521 | _aCollege students | ||
| 526 | _c1210L-1700L | ||
| 541 | _j1 | ||
| 541 | _j2 | ||
| 541 | _j3 | ||
| 562 | _e3 | ||
| 650 | 0 |
_aEnglish language _xGrammar _vProblems, exercises, etc. |
|
| 650 | 0 |
_aEnglish language _xRhetoric _vProblems, exercises, etc. |
|
| 650 | 0 |
_aMedical writing _vProblems, exercises, etc. |
|
| 700 | 1 | _aVillemaire, Doreen. | |
| 906 |
_a7 _bcbc _corignew _d1 _eocip _f20 _gy-gencatlg |
||
| 942 |
_2lcc _cBK _kM |
||
| 999 |
_c15210 _d15210 |
||